| 000 | 01015cam a2200205 4500 | ||
|---|---|---|---|
| 001 | WB@3612-28 | ||
| 008 | 040824n2004 000 0 eng u | ||
| 035 | _a(Sirsi) u127142 | ||
| 245 | _aIndustry corruption? | ||
| 260 | _c2004 | ||
| 490 |
_aNew Civil Engineer _v(1544) 19/26 August 2004 (6) |
||
| 520 | _aPricewaterhouse Coopers has produced its "Economic crime in the construction industry" report. It shows that corruption in the construction industry is far less common than company executives think. The report found that almost a third of respondents cited corruption as a problem, while only 9% reported that crimes had occurred. Internal theft emerged as the most common crime committed. The report's findings are based on interviews with personnel at 184 firms around the world and can be viewed at: http://www.pwc.com. | ||
| 590 | _aWB | ||
| 590 | _aWB | ||
| 650 | _aBRIBERY | ||
| 650 | _aCORRUPTION | ||
| 650 | _aCONSTRUCTION INDUSTRY | ||
| 690 | _aBUILDING AND CONSTRUCTION | ||
| 942 | _n0 | ||
| 999 |
_c117884 _d117884 |
||